A Treatise of human nature... and Dialogues concerning natural Religion / (Record no. 81254)

MARC details
000 -LEADER
campo de control de longitud fija 00758nam a2200217 i 4500
001 - NÚMERO DE CONTROL
campo de control 81254
003 - IDENTIFICADOR DE NÚMERO DE CONTROL
campo de control ES-MaACL
005 - FECHA Y HORA DE LA ÚLTIMA TRANSACCIÓN
campo de control 20250708063322.0
007 - CAMPO FIJO DE DESCRIPCIÓN FÍSICA--INFORMACIÓN GENERAL
campo de control de longitud fija t|
008 - DATOS DE LONGITUD FIJA--INFORMACIÓN GENERAL
campo de control de longitud fija 041103s1909 xxk ||||1| eng d
100 1# - ENTRADA PRINCIPAL--NOMBRE DE PERSONA
Nombre de persona Hume, David,
Fechas asociadas al nombre 1711-1776
9 (RLIN) 64719
245 12 - MENCIÓN DEL TÍTULO
Título A Treatise of human nature... and Dialogues concerning natural Religion /
Mención de responsabilidad, etc. David Hume ; edited with preliminary dissertations and notes by T.H. Green and T.H. Groose.
250 ## - MENCION DE EDICION
Mención de edición New imp.
260 ## - PUBLICACIÓN, DISTRIBUCIÓN, ETC.
Lugar de publicación, distribución, etc. London :
Nombre del editor, distribuidor, etc. [s.n.],
Fecha de publicación, distribución, etc. 1909 (
Fabricante Spottiswoode and Company)
300 ## - DESCRIPCIÓN FÍSICA
Extensión 2 v. ;
Dimensiones 23 cm.
500 ## - NOTA GENERAL
Nota general El vol II de la edición de 1898.
700 1# - ENTRADA AGREGADA--NOMBRE PERSONAL
Nombre de persona Green, Thomas Hill.
9 (RLIN) 59850
700 1# - ENTRADA AGREGADA--NOMBRE PERSONAL
Nombre de persona Groose, T. H.
9 (RLIN) 60138
852 ## - LOCALIZACIÓN
Ubicación ES-MaACL
Número de control de estantería G-11894-95
Holdings
Estatus retirado Estado de pérdida Estado de daño No para préstamo Biblioteca de origen Biblioteca actual Ubicación en estantería Fecha de adquisición Fuente de adquisición Total de préstamos Signatura topográfica completa Código de barras Visto por última vez Precio de reemplazo Tipo de ítem Koha
        Biblioteca del Ateneo de Madrid Biblioteca del Ateneo de Madrid Sala Pecera Planta 3 17/01/2008     G-11894-95 1084942 23/02/2023 23/02/2023 Libro impreso